000
00211 a2200097 4500
001
35528
100
_a
William Stallings
245
_a
Local Networks
260
_a
New York
_b
Macmillan
_c
090
_c
23427
_d
23427
942
_a
NUST-CAE
_c
M
_c
14922
999
_c
270601
_d
270601